| 000 | 00469nam a2200193Ia 4500 | ||
|---|---|---|---|
| 008 | 210210b1947 xxu||||| |||| 00| 0 eng d | ||
| 041 | _aeng | ||
| 082 | _a956/23 | ||
| 100 | _aFERGUSON (Wallace K) | ||
| 245 | _aSurvey of European civilization | ||
| 260 |
_a _bHoughton mifflin company _c1947 |
||
| 300 | _a510 | ||
| 650 | _aSurvey | ||
| 650 | _aEuropean | ||
| 650 | _acivilization | ||
| 690 | _aWorld History | ||
| 700 | _aBRUUN (Geoffrey) | ||
| 906 | _a002255 | ||
| 999 |
_c121248 _d121248 |
||